000 00389nam a2200169Ia 4500
008 230524s9999 xx 000 0 und d
020 _a9788131733233
082 _bRAM
100 _aK.S.Sai Ram
245 0 _aDesign Steel Structures
250 _a1
260 _aNew Delhi
_bPearson
_c2012
300 _a"ix,315p;"
500 _aQuantity Number: 2
650 _aCivil
942 _cBK
999 _c55504
_d55504